000 00336pab a2200145 454500
008 180718b1999 xxu||||| |||| 00| 0 eng d
100 _aWright, Simon
245 _aThe size and scale of policing functions
260 _c1999
300 _ap.131-39
362 _aApr
650 _aPolice
773 _aPolice Journal
909 _a41353
999 _c41353
_d41353